000 00359 a2200169 4500
001 74073
020 _a857232456-9
040 _cAnchieta - Colégio São Paulo
100 _aAristóteles
240 1 0 _aPolítica
_lpor
245 1 0 _aPolítica
300 _a272
362 0 _a2002
440 1 _aMartin Claret
650 4 _aCiência política
942 _cBK
999 _c74073
_d74073